Loading...

Natakasameeksha/

Bibliographic Details
Main Author: Narayanan M M
Format: Printed Book
Published: Thrissur: Kerala Sahitya Akademi, 2017.
Subjects:
LEADER 00794nam a22001937a 4500
020 |a 9788176903684 
082 |a M200 7  |b NAR/N 
100 |a Narayanan M M  |9 172943 
245 |a Natakasameeksha/  |c by Narayanan M M 
260 |a Thrissur:  |b Kerala Sahitya Akademi,  |c 2017. 
300 |a 112p. 
650 |a Drama Malayalam Criticism  |9 172944 
650 |a Drama Malayalam  |9 172945 
650 |a Literature Malayalam  |9 172946 
650 |a Literature  |9 172947 
942 |c BK 
999 |c 142365  |d 142365 
952 |0 0  |1 0  |4 0  |6 M_200_700000000000000_NAR_N  |7 0  |9 98585  |a SSUS  |b SSUS  |c STACKS  |d 2019-08-14  |g 90.00  |o M200 7 NAR/N  |p 095854  |r 2019-08-14  |w 2019-08-14  |y BK 
952 |0 0  |1 0  |4 0  |6 M_200_700000000000000_NAR_N  |7 0  |9 98586  |a SSUS  |b SSUS  |c STACKS  |d 2019-10-18  |g 90.00  |l 1  |o M200 7 NAR/N  |p 096867  |r 2019-11-19  |s 2019-11-06  |w 2019-10-18  |y BK